00749cam a22002177a 4500003000500000005001700005008004100022010001000063011001000073035001000083040000900093100003600102245014600138260004100284300001000325502008500335650004100420650002600461650001200487650003200499CHAP20250819114507.0990818d1999 mx r 00110 spa d a78771 a79743 a90138 cCHAP10aTlapa Rangel, Coatlicue Claudia10aEvaluación de daños por frío y producción de etanol en aguacate (Persea americana Mill) CV. Hassc/por Coatlicue Claudia Tlapa Rangel aChapingo, Méx. :bEl autor,c1999. a74 h. aTesis (Ing. Agroindustrial) -- UACH. Departamento de Ingeniería Agroindustrial14aAguacatexConservación por frío.14aAguacatexVariedades.14aEtanol.14aFríoxEfecto en aguacate.